| 000 | 00663cab a2200217 4500 | ||
|---|---|---|---|
| 001 | WB2334-09 | ||
| 008 | 090401t1987 xxu||||| |||| 00| 0 eng d | ||
| 035 | _a(Sirsi) u73067 | ||
| 041 | _aeng | ||
| 245 | _aJoint building venture | ||
| 260 | _c1987 | ||
| 350 | _a0 | ||
| 490 |
_aFinancial Times _v27/8/87 p5 |
||
| 520 | _aGeorge Wimpey and an American company, Tishman Realty and Construction have formed a joint venture to offer construction management for large UK projects. | ||
| 650 | _aFAST TRACK CONSTRUCTION | ||
| 650 | _aPARTNERSHIPS | ||
| 650 |
_aProject management _96261 |
||
| 690 | _aBUILT ENVIRONMENT | ||
| 942 | _n0 | ||
| 948 | _c04/03/1997 | ||
| 999 |
_c46204 _d46204 |
||